[Event "SRB-chT2 West"]
[Site "Arandjelovac"]
[Date "2018.09.08"]
[Round "2.2"]
[White "Markovic, Dragan P"]
[Black "Mikluc, Davorin"]
[Result "1-0"]
[WhiteElo "2206"]
[BlackElo "2154"]
[PlyCount "161"]
[EventDate "2018.09.07"]
[EventType "team-tourn"]
[EventRounds "11"]
[EventCountry "SRB"]
[SourceTitle "EXT 2021"]
[Source "ChessBase"]
[SourceDate "2020.10.23"]
[SourceVersion "1"]
[SourceVersionDate "2020.10.23"]
[SourceQuality "1"]
[WhiteTeam "Loznica Grad"]
[BlackTeam "Smederevo"]
[WhiteTeamCountry "SRB"]
[BlackTeamCountry "SRB"]

1. e4 c6 2. d4 d5 3. exd5 cxd5 4. Bd3 Nc6 5. c3 g6 6. Bf4 Bg7 7. Nf3 Nf6 8. h3 0-0 9. Nbd2 Re8 10. 0-0 Nh5 11. Bh2 e5 12. dxe5 Nxe5 13. Nxe5 Bxe5 14. Bxe5 Rxe5 15. Nf3 Re8 16. Re1 Rxe1+ 17. Qxe1 Be6 18. Qe3 Qf6 19. a3 a6 20. Rd1 Nf4 21. Bf1 Nh5 22. g3 Ng7 23. Bg2 Nf5 24. Qf4 Qe7 25. Nd4 Nd6 26. Re1 Qd7 27. Kh2 Nc4 28. Re2 Re8 29. Qf6 Na5 30. Qf4 Nc6 31. Nc2 Rd8 32. Rd2 Qe7 33. Ne3 Qc5 34. Qf6 Qe7 35. Qf4 Qc5 36. Nc2 b5 37. Qc7 Qd6 38. Qxd6 Rxd6 39. Nb4 Nxb4 40. axb4 Kf8 41. Rd4 Ke7 42. g4 h6 43. Kg3 f5 44. gxf5 gxf5 45. Kf4 Kf6 46. Ke3 Rd7 47. Kf4 Rd8 48. Bf3 Rd7 49. Rd1 Bf7 50. Be2 Rd8 51. Rd4 Be6 52. Ke3 Ke5 53. Rh4 Rh8 54. Bf1 Rh7 55. Bd3 Rh8 56. Rh5 Rh7 57. Rh4 Rh8 58. Bf1 Rh7 59. Bg2 Rh8 60. Rd4 Ra8 61. f4+ Kd6 62. Kf2 h5 63. Rd1 h4 64. Ra1 Bc8 65. Rd1 Be6 66. Rd3 Rb8 67. Rd4 Rc8 68. Rd1 Rg8 69. Ra1 Bc8 70. Bf3 Rg3 71. Rh1 Bb7 72. Rg1 Rxh3 73. Rg6+ Kc7 74. Kg2 Rg3+ 75. Rxg3 hxg3 76. Kxg3 Kd6 77. Kh4 Bc6 78. Kg5 d4 79. Bxc6 dxc3 80. bxc3 Kxc6 81. Kxf5 1-0

[Event "Veliko Gradiste Silver Lake op-A"]
[Site "Veliko Gradiste"]
[Date "2017.06.24"]
[Round "8"]
[White "Markovic, Dragan P"]
[Black "Kosanovic, Goran A"]
[Result "1/2-1/2"]
[WhiteElo "2225"]
[BlackElo "2394"]
[PlyCount "43"]
[EventDate "2017.06.18"]
[EventType "swiss"]
[EventRounds "9"]
[EventCountry "SRB"]
[SourceTitle "EXT 2018"]
[Source "ChessBase"]
[SourceDate "2017.10.13"]
[SourceVersion "1"]
[SourceVersionDate "2017.10.13"]
[SourceQuality "1"]

1. e4 c5 2. c3 g6 3. d4 cxd4 4. cxd4 d5 5. e5 Nc6 6. Nc3 Bg7 7. Be3 f6 8. exf6 exf6 9. Bd3 Nge7 10. Nge2 Be6 11. 0-0 0-0 12. Qd2 Re8 13. Rac1 Bf7 14. Bf4 a6 15. Na4 f5 16. Bb1 b5 17. Nc5 Qb6 18. Rfd1 Rac8 19. Be3 Qa7 20. h4 h5 21. Nf4 Nd8 22. a3 1/2-1/2

[Event "SRB-chT2 West"]
[Site "Sabac"]
[Date "2014.09.25"]
[Round "1.2"]
[White "Baralic, Milan"]
[Black "Markovic, Dragan P"]
[Result "1/2-1/2"]
[WhiteElo "2146"]
[BlackElo "2215"]
[PlyCount "47"]
[EventDate "2014.09.25"]
[EventType "team-swiss"]
[EventRounds "6"]
[EventCountry "SRB"]
[SourceTitle "EXT 2015"]
[Source "ChessBase"]
[SourceDate "2014.11.20"]
[SourceVersion "1"]
[SourceVersionDate "2014.11.20"]
[SourceQuality "1"]

1. Nf3 d5 2. c4 c6 3. Qc2 Nf6 4. d4 g6 5. e3 Bf5 6. Bd3 Bxd3 7. Qxd3 Nbd7 8. Nc3 Bg7 9. 0-0 0-0 10. b3 Qa5 11. Bb2 Rfd8 12. Qe2 dxc4 13. Qxc4 Nb6 14. Qe2 Nbd5 15. Rac1 Nxc3 16. Bxc3 Qf5 17. Bb4 Nd5 18. Ba3 Qh5 19. Rc2 Rd7 20. Rb1 Re8 21. Bb2 Red8 22. a3 e6 23. b4 Nc7 24. Rbc1 1/2-1/2

[Event "SRB-chT2 West"]
[Site "Vrnjacka Banja"]
[Date "2013.10.12"]
[Round "4"]
[White "Biljanic, Ljubomir"]
[Black "Markovic, Dragan P"]
[Result "1-0"]
[WhiteElo "2333"]
[BlackElo "2242"]
[PlyCount "65"]
[EventDate "2013.10.10"]
[EventType "team-tourn"]
[EventRounds "8"]
[EventCountry "SRB"]
[SourceTitle "EXT 2014"]
[Source "ChessBase"]
[SourceDate "2013.11.20"]
[SourceVersion "1"]
[SourceVersionDate "2013.11.20"]
[SourceQuality "1"]

1. d4 Nf6 2. c4 e6 3. Nc3 Bb4 4. Qc2 c5 5. dxc5 Nc6 6. e3 Bxc5 7. a3 d5 8. cxd5 exd5 9. Nf3 0-0 10. b4 Bb6 11. Na4 Bc7 12. Bb2 Qe7 13. Be2 Bd6 14. Rd1 Be6 15. b5 Na5 16. Ng5 Rac8 17. Qd3 g6 18. Qd4 Kg7 19. Qxf6+ Qxf6 20. Bxf6+ Kxf6 21. Nxh7+ Ke7 22. Nxf8 Kxf8 23. 0-0 Bxa3 24. Ra1 Be7 25. Rac1 Rd8 26. Nc5 Bc8 27. Rfd1 b6 28. Na6 Bxa6 29. bxa6 Bc5 30. Bf3 d4 31. exd4 Rxd4 32. Rxd4 Bxd4 33. Bd5 1-0